Love's labour's lost

Bibliographic Details
Main Author: Shakespeare, William
Other Authors: David, R.W
Format: Book
Published: London : Routledge , 1990
Series:The Arden Shakespeare
Subjects:

MARC

LEADER 00000cam a2200000 7i4500
001 0000001692
002 000001843
005 20000330.0
020 |a 0415026954 
090 0 0 |a 822.33   |b SHA 
100 1 |a Shakespeare, William 
245 1 0 |a Love's labour's lost   |c William Shakespeare ; edited by R.W. David 
260 |a London :   |b Routledge ,   |c 1990 
300 |a 187 p. ;   |c 20 cm. 
490 0 |a The Arden Shakespeare 
650 0 0 |a Love's labour's lost   |x Drama 
700 1 |a David, R.W 
999 |a 034082   |b BUKU   |c PINJAMAN   |e PERPUSTAKAAN KOMUNITI PETALING JAYA